[Event "Titled Tue 20th May Early"]
[Site "chess.com INT"]
[Date "2025.05.20"]
[Round "5"]
[White "Jaiveer, Mahendru"]
[Black "Sava, Robert-Gabriel"]
[Result "1-0"]
[WhiteTitle "FM"]
[BlackTitle "CM"]
[WhiteElo "2230"]
[BlackElo "2155"]
[WhiteFideId "25611151"]
[BlackFideId "1265725"]
[EventDate "2025.05.20"]

1. d4 e6 2. e4 d5 3. Nd2 c5 4. Ngf3 Nc6 5. exd5 exd5 6. dxc5 Bxc5 7. Nb3 Bd6 8.
Bd3 Nge7 9. O-O O-O 10. c3 Bf5 11. Bg5 Bxd3 12. Qxd3 f6 13. Bh4 Ne5 14. Nxe5
fxe5 15. Rad1 Kh8 16. Qh3 Qc7 17. Bxe7 Bxe7 18. Rxd5 Rad8 19. Rfd1 Rxd5 20. Rxd5
Rd8 21. Qe6 Rxd5 22. Qxd5 h6 23. h3 Bh4 24. g3 Be7 25. Nd2 Bc5 26. Ne4 Bb6 27.
Qe6 Kh7 28. h4 Kh8 29. h5 Kh7 30. Qg6+ Kh8 31. Qe8+ Kh7 32. Kg2 Qc4 33. Qxe5
Qxa2 34. Qf5+ Kh8 35. Qc8+ Kh7 36. Qxb7 Kh8 37. Qc8+ Kh7 38. Qd7 1-0

[Event "Titled Tue 20th May Early"]
[Site "chess.com INT"]
[Date "2025.05.20"]
[Round "5"]
[White "Atakhan, Abtin"]
[Black "Banh Gia Huy"]
[Result "0-1"]
[WhiteTitle "IM"]
[BlackTitle "IM"]
[WhiteElo "2410"]
[BlackElo "2425"]
[WhiteFideId "22502203"]
[BlackFideId "12424714"]
[EventDate "2025.05.20"]

1. c4 Nf6 2. g3 g6 3. Bg2 Bg7 4. Nc3 O-O 5. Nf3 d6 6. O-O c5 7. d4 Nc6 8. dxc5
dxc5 9. Bf4 Nh5 10. Be3 b6 11. Qc1 Bb7 12. Rd1 Qe8 13. Bh6 Rd8 14. Bxg7 Nxg7 15.
Qf4 Ne6 16. Qh4 f6 17. Qe4 Qf7 18. Nd5 Nb4 19. Bh3 f5 20. Qe5 Nc6 21. Qc3 Ned4
22. Bf1 e6 23. Nf4 Nxf3+ 24. exf3 Nd4 25. Rd3 e5 26. Ne2 f4 27. Nxd4 exd4 28.
Qd2 fxg3 29. hxg3 Bxf3 30. Bh3 Rde8 31. Re1 Rxe1+ 32. Qxe1 Re8 33. Qd2 Re2 34.
Qc1 Be4 0-1

[Event "Titled Tue 20th May Early"]
[Site "chess.com INT"]
[Date "2025.05.20"]
[Round "5"]
[White "Mirimanian, Hayk"]
[Black "Subervi, Jonathan Sigfredo"]
[Result "1-0"]
[WhiteTitle "FM"]
[BlackTitle "FM"]
[WhiteElo "2237"]
[BlackElo "2039"]
[WhiteFideId "4700180"]
[BlackFideId "6400345"]
[EventDate "2025.05.20"]

1. c4 e5 2. g3 Nc6 3. Bg2 Bc5 4. Nc3 d6 5. a3 a6 6. Rb1 Ba7 7. b4 f5 8. e3 Nf6
9. Nge2 Bd7 10. O-O h5 11. d4 h4 12. b5 axb5 13. cxb5 Na5 14. dxe5 dxe5 15. Qa4
Bc5 16. Rd1 b6 17. Nd5 hxg3 18. hxg3 Ng4 19. Nxc7+ Qxc7 20. Bxa8 e4 21. Nf4 Ne5
22. Bxe4 fxe4 23. Qxe4 O-O 24. Bb2 Nac4 25. Bxe5 Nxe5 26. Rd5 Bf5 27. Qxe5 Qxe5
28. Rxe5 Bxb1 29. Ne6 Rc8 30. Nxc5 Rxc5 31. Rxc5 bxc5 32. f3 Kf7 33. b6 1-0

[Event "Titled Tue 20th May Early"]
[Site "chess.com INT"]
[Date "2025.05.20"]
[Round "5"]
[White "Kilic, Eray"]
[Black "Pulpan, Jakub"]
[Result "1-0"]
[WhiteTitle "IM"]
[BlackTitle "IM"]
[WhiteElo "2469"]
[BlackElo "2405"]
[WhiteFideId "44517173"]
[BlackFideId "302759"]
[EventDate "2025.05.20"]

1. e4 e5 2. Nf3 Nc6 3. Nc3 Nf6 4. a4 Bb4 5. Bd3 d6 6. O-O a6 7. Re1 h6 8. Nd5
Nxd5 9. exd5 Ne7 10. c3 Bc5 11. Bc2 Ba7 12. d4 exd4 13. Nxd4 Kf8 14. Qf3 Bxd4
15. cxd4 Bd7 16. Ra3 Ng8 17. h3 a5 18. Bd2 b6 19. Rae3 Qf6 20. Qe4 g6 21. Rf3
Bf5 22. Qe2 Qe7 23. Qc4 Qd7 24. Bxf5 gxf5 25. Re6 Kg7 26. Rxf5 Ne7 27. Rf3 fxe6
28. dxe6 d5 29. Rf7+ Kg8 30. Qe2 Qxe6 31. Qxe6 1-0

[Event "Titled Tue 20th May Early"]
[Site "chess.com INT"]
[Date "2025.05.20"]
[Round "5"]
[White "Perez Rojas, Jorge"]
[Black "Kuznetsov, Mikhail V."]
[Result "0-1"]
[WhiteTitle "FM"]
[BlackTitle "FM"]
[WhiteElo "2100"]
[BlackElo "2218"]
[WhiteFideId "3452093"]
[BlackFideId "4194900"]
[EventDate "2025.05.20"]

1. e4 e6 2. d4 d5 3. Nc3 Nf6 4. Bg5 dxe4 5. Nxe4 Be7 6. Nxf6+ Bxf6 7. Bxf6 Qxf6
8. Nf3 b6 9. Bb5+ Bd7 10. Bxd7+ Nxd7 11. O-O O-O 12. Qe2 c5 13. Rad1 Rfd8 14.
Rfe1 Rac8 15. c3 h6 16. h3 cxd4 17. Nxd4 Nc5 18. Nb5 Qe7 19. Rxd8+ Rxd8 20. Rd1
a6 21. Rxd8+ Qxd8 22. Nd4 b5 23. Kf1 Qd5 24. b3 Ne4 25. Qe3 e5 26. Nf3 f6 27.
Ke2 Nc5 28. Nd2 Ne6 29. g3 Nc5 30. c4 bxc4 31. Nxc4 Ne6 32. f3 Nd4+ 33. Kf2 a5
34. Qd3 Qc5 35. Ne3 Qa3 36. Qd2 a4 37. bxa4 Qxa4 38. Qb2 Qa7 39. Qd2 Nf5 40.
Qd8+ Kh7 41. Qd3 g6 42. g4 Qxa2+ 43. Kg1 Nd4 44. Nd5 Qxd5 0-1

[Event "Titled Tue 20th May Early"]
[Site "chess.com INT"]
[Date "2025.05.20"]
[Round "5"]
[White "Aranda, Juan Manuel"]
[Black "Kovalevsky, Stanislav"]
[Result "0-1"]
[WhiteTitle "CM"]
[BlackTitle "FM"]
[WhiteElo "2134"]
[BlackElo "2098"]
[WhiteFideId "160458"]
[BlackFideId "13508598"]
[EventDate "2025.05.20"]

1. Nf3 d5 2. g3 Bg4 3. Bg2 h5 4. h4 c5 5. c4 Nc6 6. cxd5 Qxd5 7. Nc3 Qf5 8. Qa4
Nf6 9. d4 O-O-O 10. Bf4 cxd4 11. Nb5 e5 12. Nxe5 Nxe5 13. Rc1+ Nc6 14. Nxa7+ Kd7
15. Bxc6+ bxc6 16. Rxc6 Bb4+ 17. Kf1 Qa5 18. Rc7+ Ke6 19. Qc6+ Bd6 20. Qc4+ Qd5
21. Qc2 Qxh1# 0-1

[Event "Titled Tue 20th May Early"]
[Site "chess.com INT"]
[Date "2025.05.20"]
[Round "5"]
[White "Tahbaz, Arash"]
[Black "Yelisieiev, Yevhenii"]
[Result "1-0"]
[WhiteTitle "IM"]
[BlackTitle "IM"]
[WhiteElo "2462"]
[BlackElo "2412"]
[WhiteFideId "12528846"]
[BlackFideId "14139642"]
[EventDate "2025.05.20"]

1. Nf3 d6 2. g3 Nf6 3. c4 Nbd7 4. Nc3 e5 5. Bg2 Be7 6. O-O O-O 7. d3 c6 8. Rb1
a5 9. a3 d5 10. b4 axb4 11. axb4 d4 12. Ne4 Nxe4 13. dxe4 Qc7 14. Ne1 b5 15. c5
Re8 16. Nd3 Nf8 17. f4 exf4 18. gxf4 Be6 19. f5 Bc4 20. Bf4 Qc8 21. Qe1 Ra2 22.
Rb2 Qa6 23. Rxa2 Qxa2 24. Be5 Bf6 25. Bxf6 gxf6 26. Qg3+ Kh8 27. Qd6 Kg7 28. Nf4
Bxe2 29. Rf2 Qb1+ 30. Bf1 Bxf1 31. Rxf1 Qxe4 32. Nh5+ Kh6 33. Nxf6 Qe3+ 34. Kg2
Qe2+ 35. Rf2 Qe5 36. Nxe8+ 1-0

[Event "Titled Tue 20th May Early"]
[Site "chess.com INT"]
[Date "2025.05.20"]
[Round "5"]
[White "Papaioannou, Dimitrios"]
[Black "Purtseladze, Maka"]
[Result "1-0"]
[WhiteTitle "CM"]
[BlackTitle "IM"]
[WhiteElo "2200"]
[BlackElo "2261"]
[WhiteFideId "25865137"]
[BlackFideId "13602659"]
[EventDate "2025.05.20"]

1. Nf3 Nf6 2. c4 e6 3. g3 d5 4. d4 dxc4 5. Bg2 Bd7 6. Ne5 Bc6 7. Nxc6 Nxc6 8.
O-O Qd7 9. e3 Bb4 10. Bd2 Nd5 11. Qe2 Bxd2 12. Nxd2 c3 13. Ne4 Nce7 14. bxc3 c6
15. c4 Nf6 16. Nxf6+ gxf6 17. Rab1 Rb8 18. Qf3 f5 19. Rb3 O-O 20. Rfb1 b6 21. h4
Qc7 22. h5 h6 23. e4 Rfd8 24. Qe3 Kg7 25. c5 b5 26. Rd1 fxe4 27. Bxe4 Nd5 28.
Qf3 Qe7 29. Bb1 Qf6 30. Qe4 Kf8 31. Rf3 Qg7 32. Qxe6 Rbc8 33. Re1 Kg8 34. Qf5
Re8 35. Re5 Rxe5 36. Qxc8+ 1-0

[Event "Titled Tue 20th May Early"]
[Site "chess.com INT"]
[Date "2025.05.20"]
[Round "5"]
[White "Behzad Nazif, Parva"]
[Black "Perossa, Nicolas"]
[Result "1-0"]
[WhiteTitle "WIM"]
[BlackTitle "FM"]
[WhiteElo "2090"]
[BlackElo "2262"]
[WhiteFideId "12563790"]
[BlackFideId "2850520"]
[EventDate "2025.05.20"]

1. e4 e5 2. Nf3 Nc6 3. Nc3 Nf6 4. Nd5 Nb4 5. Nxf6+ Qxf6 6. Bc4 Bc5 7. d3 h6 8.
O-O Nc6 9. c3 d6 10. Be3 Bg4 11. h3 Bxf3 12. Qxf3 Qxf3 13. gxf3 O-O-O 14. Bxf7
Rhf8 15. Be6+ Kb8 16. Kg2 Rf6 17. Bd5 Rdf8 18. Bxc6 bxc6 19. d4 Bb6 20. a4 a5
21. b4 axb4 22. a5 exd4 23. axb6 dxe3 24. bxc7+ Kb7 25. fxe3 bxc3 26. Rfb1+ Kxc7
27. Ra7+ Kc8 28. f4 R6f7 29. Ra6 Rc7 30. Ra8+ Kd7 31. Rxf8 Ke7 32. Rg8 Kf7 33.
Rgb8 d5 34. Rc1 d4 35. exd4 1-0

[Event "Titled Tue 20th May Early"]
[Site "chess.com INT"]
[Date "2025.05.20"]
[Round "5"]
[White "Torres Rebolledo, Alvaro"]
[Black "Buchenau, Frank"]
[Result "0-1"]
[WhiteTitle "FM"]
[BlackTitle "FM"]
[WhiteElo "2336"]
[BlackElo "2190"]
[WhiteFideId "54587670"]
[BlackFideId "4604350"]
[EventDate "2025.05.20"]

1. d4 e6 2. e4 d5 3. Nc3 Nf6 4. Bg5 dxe4 5. Nxe4 Be7 6. Bxf6 gxf6 7. Nf3 f5 8.
Nc3 a6 9. Qe2 Qd6 10. O-O-O Nd7 11. g3 b5 12. Bg2 b4 13. Na4 Bb7 14. Rhe1 Bd5
15. Nh4 Bxg2 16. Nxg2 Qd5 17. Ne3 Qxa2 18. b3 Qa1+ 19. Kd2 Qxd4+ 20. Kc1 Qa1+
21. Kd2 Qe5 22. f4 Qe4 23. Kc1 Nf6 24. Qf1 O-O 25. Ng4 Qc6 26. Nh6+ Kg7 27.
Nxf5+ exf5 28. Rxe7 Rae8 29. Re5 Ng4 30. Rc5 Qf6 31. Rd3 Qa1+ 0-1

[Event "Titled Tue 20th May Early"]
[Site "chess.com INT"]
[Date "2025.05.20"]
[Round "5"]
[White "Moiseenko, Alexander"]
[Black "Xiong, Jeffery"]
[Result "1/2-1/2"]
[WhiteTitle "GM"]
[BlackTitle "GM"]
[WhiteElo "2568"]
[BlackElo "2636"]
[WhiteFideId "14102560"]
[BlackFideId "2047640"]
[EventDate "2025.05.20"]

1. d4 Nf6 2. Bg5 c5 3. Nc3 cxd4 4. Qxd4 d6 5. O-O-O a6 6. e4 Nc6 7. Qe3 Ng4 8.
Qg3 h6 9. Bd2 g6 10. Be2 h5 11. f4 Bg7 12. h3 h4 13. Qe1 Nf6 14. Nf3 Be6 15.
Nxh4 Nd4 16. Bd3 Rc8 17. f5 gxf5 18. Nxf5 Nxf5 19. exf5 Bc4 20. Bxc4 Rxc4 21.
Kb1 Qb6 22. b3 Rc7 23. g4 Qc6 24. Rc1 Nxg4 25. hxg4 Rxh1 26. Qxh1 Qxh1 27. Rxh1
Bxc3 28. Bxc3 Rxc3 29. Rh8+ Kd7 30. Rg8 d5 31. Rg7 Ke8 32. Rg8+ Kd7 33. Rg7 Ke8
34. Rg8+ Kd7 1/2-1/2

[Event "Titled Tue 20th May Early"]
[Site "chess.com INT"]
[Date "2025.05.20"]
[Round "5"]
[White "Suvradeepta, Das"]
[Black "Gong, Qianyun"]
[Result "0-1"]
[WhiteTitle "FM"]
[BlackTitle "WGM"]
[WhiteElo "2254"]
[BlackElo "2265"]
[WhiteFideId "5058031"]
[BlackFideId "8602425"]
[EventDate "2025.05.20"]

1. d4 Nf6 2. c4 g6 3. Nc3 d5 4. cxd5 Nxd5 5. e4 Nxc3 6. bxc3 Bg7 7. Bc4 c5 8.
Ne2 O-O 9. O-O Nc6 10. Be3 Bg4 11. f3 Bd7 12. dxc5 Rc8 13. Rb1 Ne5 14. Bd5 Qa5
15. Rxb7 e6 16. Rxd7 Nxd7 17. Bxe6 fxe6 18. Qxd7 Qxa2 19. Nd4 Rfd8 20. Qxe6+
Qxe6 21. Nxe6 Rd3 22. Bd4 Bh6 23. f4 Kf7 24. Ng5+ Bxg5 25. fxg5+ Ke7 26. Ra1 Rc7
27. Kf1 Rd2 28. Ra6 Rb7 29. Ra1 Kd7 30. Be3 Rc2 31. Rd1+ Kc6 32. Rd6+ Kb5 33. h3
Kc4 34. Kg1 Rxc3 35. c6 Rc7 0-1

[Event "Titled Tue 20th May Early"]
[Site "chess.com INT"]
[Date "2025.05.20"]
[Round "5"]
[White "Vakhidov, Jakhongir"]
[Black "Barseghyan, Armen Ar."]
[Result "1-0"]
[WhiteTitle "GM"]
[BlackTitle "IM"]
[WhiteElo "2546"]
[BlackElo "2348"]
[WhiteFideId "14201801"]
[BlackFideId "13306707"]
[EventDate "2025.05.20"]

1. c4 c5 2. g3 Nf6 3. Bg2 g6 4. Nc3 Bg7 5. e3 O-O 6. Nge2 d6 7. d4 cxd4 8. exd4
Nc6 9. O-O Bg4 10. Be3 Rc8 11. h3 Bxe2 12. Qxe2 a6 13. Rac1 Qa5 14. Rfd1 Rfd8
15. a3 Qh5 16. Qxh5 Nxh5 17. b4 Nf6 18. f4 Nd7 19. Ne2 e6 20. g4 Rb8 21. d5 exd5
22. Bxd5 Nf6 23. Bf3 Re8 24. Bb6 Ne4 25. Rd3 f5 26. Rcd1 Re6 27. Ng3 Nxg3 28.
Bd5 Re8 29. Rxg3 Kf8 30. Bxe6 Rxe6 31. Re3 Rxe3 32. Bxe3 Ke7 33. Bb6 Bb2 34. b5
axb5 35. cxb5 Nd8 36. Bxd8+ Kxd8 37. Rxd6+ Kc7 38. Rd3 Kb6 39. Kg2 fxg4 40. hxg4
Kxb5 41. Rb3+ 1-0

[Event "Titled Tue 20th May Early"]
[Site "chess.com INT"]
[Date "2025.05.20"]
[Round "5"]
[White "Krutko, Anatoly"]
[Black "Hari, Madhavan N B"]
[Result "0-1"]
[WhiteTitle "FM"]
[BlackTitle "IM"]
[WhiteElo "2397"]
[BlackElo "2386"]
[WhiteFideId "4185862"]
[BlackFideId "25054309"]
[EventDate "2025.05.20"]

1. d4 d5 2. c4 c6 3. Nf3 Nf6 4. e3 Bf5 5. Nc3 e6 6. Nh4 Be4 7. f3 Bg6 8. Qb3 Qc7
9. Nxg6 hxg6 10. g3 Bd6 11. f4 g5 12. c5 Be7 13. Bd3 Nbd7 14. Bd2 gxf4 15. exf4
b6 16. cxb6 axb6 17. Rc1 Qb7 18. O-O c5 19. Bb5 O-O 20. f5 cxd4 21. Ne2 Nc5 22.
Qf3 e5 23. Bg5 Nfe4 24. Bxe7 Qxe7 25. b4 Nd2 26. Qh5 Nce4 27. Bd3 Nf6 28. Qg5
Nxf1 29. Rxf1 e4 30. Nf4 Rfe8 31. Bb5 Qxb4 32. Bxe8 Rxe8 33. Nh5 Nxh5 34. Qxh5
e3 35. f6 e2 36. Qg5 exf1=Q+ 37. Kxf1 Qb1+ 38. Kg2 Re2+ 0-1

[Event "Titled Tue 20th May Early"]
[Site "chess.com INT"]
[Date "2025.05.20"]
[Round "5"]
[White "Dyulgerov, Volen"]
[Black "Manvelyan, Mikayel"]
[Result "0-1"]
[WhiteTitle "CM"]
[BlackTitle "FM"]
[WhiteElo "2200"]
[BlackElo "2362"]
[WhiteFideId "2918978"]
[BlackFideId "13310143"]
[EventDate "2025.05.20"]

1. e4 c5 2. d4 cxd4 3. c3 Nf6 4. Bd3 Nc6 5. Nf3 d5 6. e5 Ne4 7. cxd4 Bg4 8. Be3
e6 9. O-O Be7 10. Nc3 Ng5 11. Bxg5 Bxg5 12. Nb5 O-O 13. Nd6 Be7 14. Nxb7 Qb6 15.
Nd6 Bxf3 16. Qxf3 Qxd4 17. Rad1 Qxe5 18. Nb5 Qxb2 19. Rfe1 Ne5 20. Qh5 Nxd3 21.
Rxd3 Qxb5 22. Rh3 h6 23. Rg3 Qb4 24. Rf1 Qh4 25. Qe2 Bd6 26. f4 Bxf4 27. Rh3 Qg5
28. Rh5 Qf6 29. Qg4 Be3+ 30. Kh1 Qxf1# 0-1

[Event "Titled Tue 20th May Early"]
[Site "chess.com INT"]
[Date "2025.05.20"]
[Round "5"]
[White "Svicevic, Rastko"]
[Black "Hercegovac, Neven"]
[Result "0-1"]
[WhiteTitle "FM"]
[BlackTitle "FM"]
[WhiteElo "2117"]
[BlackElo "2211"]
[WhiteFideId "916315"]
[BlackFideId "2839135"]
[EventDate "2025.05.20"]

1. d4 Nf6 2. Bg5 Ne4 3. Bf4 Nc6 4. d5 e5 5. dxc6 exf4 6. Qd5 Nf6 7. cxb7 Bxb7 8.
Qxb7 Rb8 9. Qxa7 Rxb2 10. Qa4 Bc5 11. Nf3 Qe7 12. Qa8+ Qd8 13. Qxd8+ Kxd8 14.
Ne5 Bb4+ 15. Kd1 Ne4 16. Nxf7+ Ke7 17. Nxh8 Ba5 18. Kc1 Rb8 19. h4 Nxf2 20. Rh2
Ng4 21. Rh3 Ne3 22. Nd2 Rxh8 23. Rb1 Ra8 24. Rf3 Bb6 25. Rxf4 Rxa2 26. Nb3 Rxc2# 0-1

[Event "Titled Tue 20th May Early"]
[Site "chess.com INT"]
[Date "2025.05.20"]
[Round "5"]
[White "Harsha, Bharathakoti"]
[Black "Andreikin, Dmitry"]
[Result "0-1"]
[WhiteTitle "GM"]
[BlackTitle "GM"]
[WhiteElo "2532"]
[BlackElo "2695"]
[WhiteFideId "5078776"]
[BlackFideId "4158814"]
[EventDate "2025.05.20"]

1. d4 Nf6 2. c4 g6 3. Nc3 Bg7 4. e4 O-O 5. Nf3 d6 6. Be2 Bg4 7. O-O Nfd7 8. Be3
Nc6 9. Ne1 Bxe2 10. Nxe2 e5 11. d5 Ne7 12. Nd3 f5 13. f3 Nf6 14. exf5 Nxf5 15.
Bg5 c6 16. Nc3 Qb6+ 17. Rf2 Qd4 18. Bxf6 Bxf6 19. Ne4 Ne3 20. Qb3 cxd5 21. cxd5
Bd8 22. Nxd6 Bb6 23. Ne4 Qxd5 24. Kh1 Rad8 25. Nxe5 Kg7 26. Qxd5 Rxd5 27. f4 Nc4
28. Nxc4 Bxf2 29. Nxf2 Rxf4 30. Ne3 Rd2 0-1

[Event "Titled Tue 20th May Early"]
[Site "chess.com INT"]
[Date "2025.05.20"]
[Round "5"]
[White "Perry, Patrick"]
[Black "Danila, Tudor-Gabriel"]
[Result "0-1"]
[BlackTitle "CM"]
[WhiteElo "2296"]
[BlackElo "2178"]
[WhiteFideId "30917727"]
[BlackFideId "1274244"]
[EventDate "2025.05.20"]

1. e4 g6 2. d4 Bg7 3. Nc3 d6 4. Bc4 Nf6 5. Qe2 O-O 6. e5 Ne8 7. Bb5 c6 8. Ba4 b5
9. Bb3 b4 10. Nd1 Nc7 11. Nf3 Bg4 12. exd6 exd6 13. O-O Re8 14. Qd3 Nd7 15. h3
Bf5 16. Qc4 Be4 17. Qxf7+ Kh8 18. Ng5 Rf8 19. Ne6 Nxe6 20. Qxe6 d5 21. c3 Rc8
22. Ne3 h5 23. Qd6 Bh6 24. Qxb4 Qg5 25. Bd2 Rf3 26. Ng4 Qxd2 27. Nxh6 Qxh6 28.
gxf3 Bxf3 29. Qe7 Qf4 30. Rfe1 Nf6 31. Re3 Qg5+ 32. Kf1 Qg2+ 33. Ke1 Qg1+ 34.
Kd2 Qxf2+ 35. Kd3 Be4+ 36. Rxe4 dxe4+ 37. Kc4 Qf5 38. a4 a5 39. Qc5 Qf3 40. Qe5
c5 41. dxc5 Qd3# 0-1

[Event "Titled Tue 20th May Early"]
[Site "chess.com INT"]
[Date "2025.05.20"]
[Round "5"]
[White "Waldhausen Gordon, Frederick"]
[Black "Liu, Casper"]
[Result "1-0"]
[WhiteTitle "FM"]
[BlackTitle "FM"]
[WhiteElo "2397"]
[BlackElo "2325"]
[WhiteFideId "2409143"]
[BlackFideId "1454153"]
[EventDate "2025.05.20"]

1. d4 d5 2. c4 c6 3. Nf3 Nf6 4. Nbd2 g6 5. g3 Bg7 6. Bg2 O-O 7. O-O Bf5 8. b3
Ne4 9. Bb2 Nxd2 10. Qxd2 dxc4 11. bxc4 Be4 12. Qe3 Bf5 13. Ba3 Re8 14. Rac1 Nd7
15. Rfd1 Nf6 16. Ne5 Ng4 17. Nxg4 Bxg4 18. h3 Bf5 19. d5 cxd5 20. cxd5 Rc8 21.
Rxc8 Qxc8 22. Bxe7 Bf8 23. d6 Bxe7 24. dxe7 Qc7 25. Qxa7 Rxe7 26. e3 Be6 27. a3
h5 28. h4 Bf5 29. Bf3 Kh7 30. Kg2 Qc2 31. Rd8 Be4 32. Qd4 Bxf3+ 33. Kxf3 Qc6+
34. Ke2 Re8 35. Rxe8 Qxe8 36. Qd5 Qe7 37. a4 Kg8 38. a5 Qb4 39. Kf3 Kg7 40. Qd4+
Qxd4 41. exd4 Kf6 42. Ke4 Ke6 43. d5+ Kd6 44. Kd4 f6 45. f4 1-0

[Event "Titled Tue 20th May Early"]
[Site "chess.com INT"]
[Date "2025.05.20"]
[Round "5"]
[White "Novikova, Anna"]
[Black "Burmakin, Evgeniy"]
[Result "0-1"]
[WhiteTitle "WIM"]
[BlackTitle "FM"]
[WhiteElo "2179"]
[BlackElo "2110"]
[WhiteFideId "4146794"]
[BlackFideId "4163729"]
[EventDate "2025.05.20"]

1. d4 Nf6 2. c4 g6 3. Nc3 Bg7 4. e4 d6 5. f3 O-O 6. Be3 c5 7. dxc5 dxc5 8. Qxd8
Rxd8 9. Bxc5 Nc6 10. Nd5 Nxd5 11. exd5 Bxb2 12. Rb1 Bc3+ 13. Kf2 Bd4+ 14. Bxd4
Nxd4 15. Ne2 Nf5 16. Re1 b6 17. Nc3 Kf8 18. Bd3 Nd6 19. Ne4 Ba6 20. Ng5 h6 21.
Ne4 Nxc4 22. Rc1 Rac8 23. Ke2 Rxd5 24. Nd2 Rxd3 25. Kxd3 Rd8+ 26. Kc3 Rxd2 27.
a4 Rxg2 28. h4 h5 29. Rhg1 Rh2 30. Rg3 Rxh4 31. Rcg1 Rf4 32. Rh1 Ne5 33. Rhh3
Bb7 34. Kd2 Nxf3+ 35. Ke3 Rxa4 0-1

[Event "Titled Tue 20th May Early"]
[Site "chess.com INT"]
[Date "2025.05.20"]
[Round "5"]
[White "Sarkar, Justin"]
[Black "Escobar Forero, Alder"]
[Result "0-1"]
[WhiteTitle "IM"]
[BlackTitle "GM"]
[WhiteElo "2286"]
[BlackElo "2414"]
[WhiteFideId "2010011"]
[BlackFideId "4400801"]
[EventDate "2025.05.20"]

1. e4 d5 2. exd5 Qxd5 3. Nc3 Qd8 4. d4 Nf6 5. Nf3 g6 6. Bc4 Bg7 7. Bf4 O-O 8.
Qd2 a6 9. a4 Nc6 10. h3 Bf5 11. O-O Ne4 12. Nxe4 Bxe4 13. Ng5 Bd5 14. Bxc7 Qxc7
15. Bxd5 Nxd4 16. c3 Rad8 17. Bxf7+ Rxf7 18. cxd4 Bh6 19. h4 Bxg5 20. hxg5 Rf4
21. Qe3 Rdxd4 22. Qe6+ Rf7 23. Rac1 Qf4 24. Rc8+ Kg7 25. g3 Qxg5 26. Re1 Rd6 27.
Qe5+ Qxe5 28. Rxe5 Rd2 29. f4 Rxb2 30. a5 Rf5 31. Rxe7+ Kf6 0-1

[Event "Titled Tue 20th May Early"]
[Site "chess.com INT"]
[Date "2025.05.20"]
[Round "5"]
[White "Onyshchuk, Volodymyr"]
[Black "Gabrielian, Artur"]
[Result "1-0"]
[WhiteTitle "GM"]
[BlackTitle "GM"]
[WhiteElo "2602"]
[BlackElo "2419"]
[WhiteFideId "14114038"]
[BlackFideId "4131002"]
[EventDate "2025.05.20"]

1. e4 c5 2. Nf3 d6 3. d4 cxd4 4. Nxd4 Nf6 5. Nc3 Nc6 6. Nb3 g6 7. Be2 Bg7 8. O-O
O-O 9. Re1 Be6 10. Bg5 a5 11. a4 Nb4 12. Nd4 Bd7 13. Bf1 Rc8 14. Qd2 Re8 15.
Rad1 Qb6 16. h3 Bc6 17. Bb5 Bxb5 18. Ndxb5 Rc4 19. Qe2 Rec8 20. Be3 Qa6 21. Bd4
e5 22. Be3 Nxe4 23. Nxe4 Rxe4 24. Nxd6 Qxe2 25. Rxe2 Rd8 26. Red2 Rxe3 27. fxe3
Rb8 28. Nc4 Nc6 29. Rd7 Bh6 30. Rc7 b5 31. axb5 Nb4 32. b6 Rxb6 33. Nxb6 Bxe3+
34. Kf1 Bxb6 35. Rc8+ Kg7 36. Ke2 e4 37. Rd6 Bg1 38. Kd1 e3 39. c3 Na2 40. Re8
Bf2 41. Kc2 a4 42. Kb1 1-0

[Event "Titled Tue 20th May Early"]
[Site "chess.com INT"]
[Date "2025.05.20"]
[Round "5"]
[White "Cernov, Henrik"]
[Black "Toncheva, Nadya"]
[Result "1/2-1/2"]
[WhiteTitle "FM"]
[BlackTitle "FM"]
[WhiteElo "2325"]
[BlackElo "2332"]
[WhiteFideId "16258312"]
[BlackFideId "2924056"]
[EventDate "2025.05.20"]

1. d4 d5 2. Bg5 f6 3. Bc1 Nc6 4. Nf3 e5 5. e3 Bg4 6. Be2 e4 7. Nfd2 Bxe2 8. Qxe2
Nh6 9. O-O Nf7 10. c4 f5 11. cxd5 Qxd5 12. Nc3 Qd7 13. f3 exf3 14. Nxf3 Bd6 15.
e4 fxe4 16. Qxe4+ Qe7 17. Qg4 O-O 18. Bd2 Rae8 19. Rae1 Qd8 20. Ne4 Kh8 21. Bc3
Bb4 22. Nfg5 Nxg5 23. Nxg5 Bxc3 24. bxc3 Rxe1 25. Rxe1 Qf6 26. Nf3 Qf7 27. a4 h6
28. Qe4 Qf5 29. Qe3 Rf7 30. h3 Re7 31. Qf2 Rxe1+ 32. Qxe1 Kh7 33. Qe3 Qf7 34.
Qe4+ Qg6 35. Qe3 Qf7 36. Qe4+ Qg6 37. Qe3 Qf7 1/2-1/2

[Event "Titled Tue 20th May Early"]
[Site "chess.com INT"]
[Date "2025.05.20"]
[Round "5"]
[White "Rothuis, Vincent"]
[Black "Henriquez Villagra, Cristobal"]
[Result "0-1"]
[WhiteTitle "IM"]
[BlackTitle "GM"]
[WhiteElo "2346"]
[BlackElo "2597"]
[WhiteFideId "1011936"]
[BlackFideId "3409350"]
[EventDate "2025.05.20"]

1. e4 c6 2. d4 d5 3. e5 c5 4. Nf3 Nc6 5. dxc5 e6 6. Bd3 Bxc5 7. O-O Nge7 8. Nc3
a6 9. a3 Bd7 10. Ne2 Ng6 11. b4 Ba7 12. Bb2 Qc7 13. Bxg6 fxg6 14. Rc1 b5 15.
Ned4 O-O 16. Nxc6 Qxc6 17. Bd4 Bb8 18. c3 Bc7 19. Re1 h6 20. Bc5 Rf7 21. Nd4 Qb7
22. h4 Bb6 23. Bd6 Rf4 24. g3 Re4 25. f3 Rxe1+ 26. Qxe1 Rc8 27. Qe3 Rc4 28. Bc5
Bxc5 29. bxc5 Qc8 30. Nb3 Qc7 31. Qd3 a5 32. f4 a4 33. Nd4 Qxc5 34. Qxg6 Rxd4 0-1

[Event "Titled Tue 20th May Early"]
[Site "chess.com INT"]
[Date "2025.05.20"]
[Round "5"]
[White "Materia, Marco"]
[Black "Gkavardinas, Antonios"]
[Result "1-0"]
[WhiteTitle "IM"]
[BlackTitle "FM"]
[WhiteElo "2489"]
[BlackElo "2313"]
[WhiteFideId "45150451"]
[BlackFideId "25883097"]
[EventDate "2025.05.20"]

1. Nf3 Nf6 2. c4 g6 3. b3 Bg7 4. Bb2 O-O 5. g3 c5 6. Bg2 Nc6 7. O-O d5 8. cxd5
Nxd5 9. Bxg7 Kxg7 10. Qc1 b6 11. d4 Nxd4 12. Nxd4 cxd4 13. Qc6 Be6 14. Qa4 Rc8
15. Qxd4+ Nf6 16. Qa4 a5 17. Na3 Qd2 18. Bf3 Rfd8 19. Nc4 Bxc4 20. bxc4 Qd4 21.
Rfc1 e5 22. e3 Qc5 23. Rab1 e4 24. Bg2 Rd2 25. Rb5 Qd6 26. Rcb1 Rc6 27. h3 h5
28. Qb3 h4 29. gxh4 Rd3 30. Qb2 Rd2 31. Qa1 Qd3 32. Bf1 Qd8 33. h5 Kh7 34. hxg6+
fxg6 35. Qe5 Nh5 36. Qxe4 Rf6 37. Rxh5+ Kg7 38. Rd5 Qc7 39. Rxd2 1-0